¿El pueblo español ha muerto? (Record no. 96132)

MARC details
000 -LEADER
campo de control de longitud fija 00609nam a2200181 i 4500
001 - NÚMERO DE CONTROL
campo de control 96132
003 - IDENTIFICADOR DE NÚMERO DE CONTROL
campo de control ES-MaACL
005 - FECHA Y HORA DE LA ÚLTIMA TRANSACCIÓN
campo de control 20240428063034.0
007 - CAMPO FIJO DE DESCRIPCIÓN FÍSICA--INFORMACIÓN GENERAL
campo de control de longitud fija t|
008 - DATOS DE LONGITUD FIJA--INFORMACIÓN GENERAL
campo de control de longitud fija 050610s1903 sp |||| | spa d
100 1# - ENTRADA PRINCIPAL--NOMBRE DE PERSONA
Nombre de persona Diego-Madrazo, Enrique,
Fechas asociadas al nombre 1850-1942
9 (RLIN) 165773
245 14 - MENCIÓN DEL TÍTULO
Título ¿El pueblo español ha muerto?
Resto del título : impresiones sobre el estado actual de la sociedad española /
Mención de responsabilidad, etc. Enrique Diego Madrazo.
260 ## - PUBLICACIÓN, DISTRIBUCIÓN, ETC.
Lugar de publicación, distribución, etc. Santander :
Nombre del editor, distribuidor, etc. Blanchard y Arce,
Fecha de publicación, distribución, etc. 1903.
300 ## - DESCRIPCIÓN FÍSICA
Extensión XVI, 337 p. ;
Dimensiones 21 cm.
651 #4 - PUNTO DE ACCESO ADICIONAL DE MATERIA--NOMBRE GEOGRÁFICO
Nombre geográfico España-
Subdivisión general Situación social.
9 (RLIN) 8506
852 ## - LOCALIZACIÓN
Ubicación ES-MaACL
Número de control de estantería D-1163
Holdings
Estatus retirado Estado de pérdida Estado de daño No para préstamo Biblioteca de origen Biblioteca actual Ubicación en estantería Fecha de adquisición Fuente de adquisición Total de préstamos Signatura topográfica completa Código de barras Visto por última vez Precio de reemplazo Tipo de ítem Koha
        Biblioteca del Ateneo de Madrid Biblioteca del Ateneo de Madrid Sala Valle Inclán 17/01/2008     D-1163 901100370 23/02/2023 23/02/2023 Libro impreso